| 000 | 00498nam a2200181Ia 4500 | ||
|---|---|---|---|
| 005 | 20240711030035.0 | ||
| 008 | 240331s9999 xx 000 0 und d | ||
| 020 | _a0521639972 | ||
| 082 |
_a192 _bGEL |
||
| 100 | _aGellner, E | ||
| 245 | 0 |
_aLanguage and solitude : _bWittgenstein,Malinowski and the Habsburg dilemma |
|
| 260 |
_aUnited Kingdom _bCambridge University press _c1998 |
||
| 300 | _axix, 209 p ., | ||
| 650 | _a Psychology | ||
| 650 | _aLanguage | ||
| 650 | _aSocial Theory | ||
| 942 | _cL | ||
| 999 |
_c764 _d764 |
||